| 000 | 00513nam a22001457a 4500 | ||
|---|---|---|---|
| 020 | _a9788131254950 | ||
| 082 |
_a617.07 _bGOL |
||
| 100 |
_aGoldblum, John R.; Lamps, Laura W.; Mckenney, Jesse K.; Myers, Jeffrey L. _9113362 |
||
| 245 |
_aRosai and Ackerman's Surgical Pathology / _cJohn R. Goldblum ; Jesse K. Mckenney ; Laura W. Lamps ; Jeffrey L. Myers |
||
| 260 |
_aNew Delhi : _bElsevier, _c2018. |
||
| 300 |
_aVolume, _c28 cm. |
||
| 563 | _aHBK. | ||
| 650 |
_aPathology, Surgical _9113363 |
||
| 942 |
_2ddc _cBK |
||
| 999 |
_c595108 _d595108 |
||